Statistics for Europe Cyrillic alphabet countries

Click here to take the quiz!

General Stats

  • This quiz has been taken 162 times
  • The average score is 7 of 8

Answer Stats

Speaker Population Country % Correct
44,291,413Ukraine
99%
143,800,000Russia
98%
7,364,570Bulgaria
95%
7,186,862Serbia
95%
9,468,154Belarus
94%
2,058,539Macedonia
89%
625,266Montenegro
87%
3,871,643Bosnia and Herzegovina
42%

Score Distribution

Percentile by Number Answered

Percent of People with Each Score

Your Score History

You have not taken this quiz